| 000 | 01030 a2200169 4500 | ||
|---|---|---|---|
| 003 | NUST | ||
| 005 | 20221118124714.0 | ||
| 040 | _cNust | ||
| 082 | _a515.15,THO | ||
| 100 |
_aThomas/ Finney _923730 |
||
| 245 |
_aThomas' calculus / _cGeorge B. Thomas, Jr., as revised by Maurice D. Weir, Joel Hass, Frank R. Giordano |
||
| 250 | _a10th ed. | ||
| 300 | _axxv, 1256 p.: | ||
| 505 | _aPreliminaries (Page-1) Limits and Continuity (Page-85) Derivatives (Page-147) Applications of Derivatives (Page-225) Integration (Page-313) Applications of Integrals (Page-393) Transcendental functions and differential Equations (Page-457) Integration techniques, L’Hopital’s Rule’ and Integrals (Page-539)Infinite Series (Page-607)Vectors in the Plane and Polar Functions (Page-717) Vectors and Motion in Space (Page-787) , Multi variable Functions and Their Derivatives (Page-873), Multiple Integrals (Page-975), Integration in Vector Fields (Page-1053), Appendices (Page-1143). | ||
| 650 | _aCalculus | ||
| 942 |
_2ddc _cBK _k515.15,THO |
||
| 999 |
_c194631 _d194631 |
||